1322 1868 1665 1447 1528 1870 1671 1135 1095 1068 1672 1588 1809 1495 1993 1777 1691 1859 1518 1840 1857 1982 1839 1337 1907 1291 1436 1253 1580 1840 1872 1887 1259 1919 1051 1824 1468 1434 1921 1241 1177 1407 1411 1859 1408 1563 1314 1843 1195 1350 1520 1153 1978 1295 1360 1726 1068 1149 1793 1470 1707 1480 1483 1593 1083 1925 1116 1592 1666 1993 1423 1562 1852 1971 1721 1844 1474 1447 1646 1635 1983 1334 1637 1194 1813 1329 1906 1728 1604 1402 1139 1751 1570 1571 1237 1946 1765 1320 1205 BCNSPRNW ULIB Ver.6.0+V

เปลี่ยนเป็นภาษาไทย

Change to English
 แสดงรายละเอียดบรรณานุกรม
  กลับหน้าหลัก

Brief Record : Get Marc (ISO 2709) : E-mail record : QR code < ปิดหน้าต่าง
LEADER : 00000nam 2200000uu 4500
001    13399109009
003     ULIB
008    110318s2547||||th 000 0 tha d
020    9749256433
060 04 WA240^bส311ก 2547
245 00 เกณฑ์มาตรฐานในการรักษาผู้ป่วยที่ได้รับพิษจากสารเคมีกำจัดแมลงกลุ่มออร์กาโนฟอสเฟตและคาร์บาเมท ฉบับที่ 2 /^cโดย สมิง เก่าเจริญ, ยุพา ลีลาพฤทธิ์, [บรรณาธิการ] และคณะกรรมการ
260    กรุงเทพฯ :^bกองควบคุมวัตถุมีพิษสำนักงานคณะกรรมการอาหารและยา กระทรวงสาธารณสุข, สภาสมาคมผู้ผลิตสารเคมีเกษตรนานาชาติ,^c2547
300    331 หน้า :^bภาพประกอบ ;^c21 ซม.
650  0 Agricultural chemicals^xToxicology
650  2 Insecticides^xtoxicity
650  2 Insecticides, Organophosphate^xtoxicity
650  2 Insecticides, Carbamate^xtoxicity
650  2 Agrichemicals^xtoxicity
650  7 สารเคมีทางการเกษตร^xความเป็นพิษ
650  7 ยาฆ่าแมลงกลุ่มออร์กาโนฟอสเฟต^xความเป็นพิษ
650  7 ยาฆ่าแมลง
650  7 ยาฆ่าแมลง^xพิษวิทยา
700 0  สมิง เก่าเจริญ,^eบรรณาธิการ
700 0  ยุพา ลีลาพฤทธิ์,^eบรรณาธิการ
710 2  กระทรวงสาธารณสุข.^bสำนักงานคณะกรรมการอาหารและยา.^bกองควบคุมวัตถุมีพิษ
710 2  สภาสมาคมผู้ผลิตสารเคมีเกษตรนานาชาติ (GIFAP)
945    ^p0^l0^i026501
995    ทศพร
999 ^a ใช้งานได้ทุกระบบ
รายการนี้ยังไม่มีแท็ก
คุณยังไม่ได้ล็อกอิน คุณสามารถมีกิจกรรมร่วมกับเว็บไซต์ได้ แต่ต้องล็อกอินก่อน ::
  ล็อกอิน

รายการสื่อสารสนเทศ

ลำดับที่ ประเภท เลขเรียก/บาร์โค้ด สถานที่ สถานะ
- ไม่พบข้อมูล -

รายการใกล้เคียง
    หัวเรื่อง [ยาฆ่าแมลง]

BibComment


ยังไม่เคยถูกคอมเมนท์

คอมเมนท์ทรัพยากรรายการนี้
  คอมเมนท์: เกณฑ์มาตรฐานในการ..


 Copyright 2026. Bcnsprnw @Library